Statystyki dla gminy powiatu krakowskiego z mapą

Kliknij tutaj aby rozwiązać quiz!

Ogólne statystyki

  • Ten quiz został rozwiązany 49 razy
  • Średni wynik to 11 z 17

Odpowiedzi na mapie

Odpowiedzi skodowane kolorowo w zielono-czerwonej skali na mapie do tego quizu, zgodnie z poniższymi procentami.
 

Statystyki odpowiedzi

WskazówkaOdpowiedź% Poprawnych
gmina miejsko-wiejskaSkawina
94%
gmina miejsko-wiejskaKrzeszowice
84%
gmina wiejskaZielonki
84%
gmina miejsko-wiejskaSkała
77%
gmina miejsko-wiejskaSłomniki
77%
gmina wiejskaZabierzów
77%
gmina wiejskaMichałowice
71%
gmina miejsko-wiejskaŚwiątniki Górne
71%
gmina wiejskaLiszki
68%
gmina wiejskaMogilany
68%
gmina wiejskaWielka Wieś
61%
gmina wiejskaCzernichów
55%
gmina wiejskaIgołomia-Wawrzeńczyce
52%
gmina wiejskaKocmyrzów-Luborzyca
52%
gmina wiejskaIwanowice
48%
gmina wiejskaJerzmanowice-Przeginia
39%
gmina wiejskaSułoszowa
29%

Rozkład punktacji

Percentyl według liczby udzielonych odpowiedzi

Procent ludzi z każdym wynikiem

Twoja historia wyników

Nie rozwiązałeś tego quizu